<?xml version="1.0" encoding="UTF-8"?>
<record
    xmlns:xsi="http://www.w3.org/2001/XMLSchema-instance"
    xsi:schemaLocation="http://www.loc.gov/MARC21/slim http://www.loc.gov/standards/marcxml/schema/MARC21slim.xsd"
    xmlns="http://www.loc.gov/MARC21/slim">

  <leader>01094nam1a22002651i 4500</leader>
  <controlfield tag="001">rc\2921990</controlfield>
  <controlfield tag="005">20240726075058.0</controlfield>
  <datafield tag="035" ind1=" " ind2=" ">
    <subfield code="a">(NLR Aleph) 007213312</subfield>
  </datafield>
  <datafield tag="090" ind1=" " ind2=" ">
    <subfield code="a">7675344</subfield>
    <subfield code="c">7675344</subfield>
  </datafield>
  <datafield tag="100" ind1=" " ind2=" ">
    <subfield code="a">20110813g19431949|||y0rusy50      ca</subfield>
  </datafield>
  <datafield tag="101" ind1="0" ind2=" ">
    <subfield code="a">rus</subfield>
  </datafield>
  <datafield tag="102" ind1=" " ind2=" ">
    <subfield code="a">RU</subfield>
  </datafield>
  <datafield tag="105" ind1=" " ind2=" ">
    <subfield code="a">y   z   |||||</subfield>
  </datafield>
  <datafield tag="200" ind1="1" ind2=" ">
    <subfield code="a">&#x421;&#x435;&#x43B;&#x44C;&#x441;&#x43A;&#x430;&#x44F; &#x44D;&#x441;&#x442;&#x440;&#x430;&#x434;&#x430;</subfield>
    <subfield code="e">&#x420;&#x435;&#x43F;&#x435;&#x440;&#x442;&#x443;&#x430;&#x440;&#x43D;&#x44B;&#x439; &#x441;&#x431;&#x43E;&#x440;&#x43D;&#x438;&#x43A;. [&#x412;&#x44B;&#x43F;. 1]-</subfield>
    <subfield code="f">&#x420;&#x435;&#x434;&#x43A;&#x43E;&#x43B;. &#x441;&#x431;.: &#x418;. &#x414;&#x443;&#x43D;&#x430;&#x435;&#x432;&#x441;&#x43A;&#x438;&#x439;, &#x411;. &#x414;&#x44C;&#x44F;&#x43A;&#x43E;&#x432;, &#x421;. &#x417;&#x438;&#x43C;&#x438;&#x43D;&#x430; (&#x43E;&#x442;&#x432;. &#x440;&#x435;&#x434;.) ... [&#x438; &#x434;&#x440;.]</subfield>
  </datafield>
  <datafield tag="210" ind1=" " ind2=" ">
    <subfield code="a">&#x41C;&#x43E;&#x441;&#x43A;&#x432;&#x430;</subfield>
    <subfield code="c">&#x41C;&#x43E;&#x43B;&#x43E;&#x434;&#x430;&#x44F; &#x433;&#x432;&#x430;&#x440;&#x434;&#x438;&#x44F;</subfield>
    <subfield code="d">1943-1949</subfield>
  </datafield>
  <datafield tag="300" ind1=" " ind2=" ">
    <subfield code="a">&#x41D;&#x430; &#x43E;&#x431;&#x43E;&#x440;&#x43E;&#x442;&#x435; &#x442;&#x438;&#x442;. &#x43B;.: &#x421;&#x43E;&#x441;&#x442;. - &#x412;&#x441;&#x435;&#x441;&#x43E;&#x44E;&#x437;. &#x434;&#x43E;&#x43C; &#x43D;&#x430;&#x440;. &#x442;&#x432;&#x43E;&#x440;&#x447;&#x435;&#x441;&#x442;&#x432;&#x430;</subfield>
  </datafield>
  <datafield tag="300" ind1=" " ind2=" ">
    <subfield code="a">&#x421; &#x432;&#x44B;&#x43F;. 9 &#x437;&#x430;&#x433;&#x43B;.: &#x41C;&#x43E;&#x43B;&#x43E;&#x434;&#x435;&#x436;&#x43D;&#x430;&#x44F; &#x44D;&#x441;&#x442;&#x440;&#x430;&#x434;&#x430;</subfield>
  </datafield>
  <datafield tag="517" ind1="0" ind2="0">
    <subfield code="a">&#x41C;&#x43E;&#x43B;&#x43E;&#x434;&#x435;&#x436;&#x43D;&#x430;&#x44F; &#x44D;&#x441;&#x442;&#x440;&#x430;&#x434;&#x430;</subfield>
  </datafield>
  <datafield tag="702" ind1=" " ind2="1">
    <subfield code="a">&#x414;&#x443;&#x43D;&#x430;&#x435;&#x432;&#x441;&#x43A;&#x438;&#x439;</subfield>
    <subfield code="b">&#x418;.&#x41E;.</subfield>
    <subfield code="f">1900-1955</subfield>
    <subfield code="g">&#x418;&#x441;&#x430;&#x430;&#x43A; &#x41E;&#x441;&#x438;&#x43F;&#x43E;&#x432;&#x438;&#x447;</subfield>
    <subfield code="4">340</subfield>
  </datafield>
  <datafield tag="702" ind1=" " ind2="1">
    <subfield code="a">&#x414;&#x44C;&#x44F;&#x43A;&#x43E;&#x432;</subfield>
    <subfield code="b">&#x411;.</subfield>
    <subfield code="4">340</subfield>
  </datafield>
  <datafield tag="702" ind1=" " ind2="1">
    <subfield code="a">&#x417;&#x438;&#x43C;&#x438;&#x43D;&#x430;</subfield>
    <subfield code="b">&#x421;.</subfield>
    <subfield code="4">340</subfield>
  </datafield>
  <datafield tag="801" ind1=" " ind2="0">
    <subfield code="a">RU</subfield>
    <subfield code="b">NLR</subfield>
    <subfield code="g">psbo</subfield>
  </datafield>
  <datafield tag="801" ind1=" " ind2="1">
    <subfield code="a">RU</subfield>
    <subfield code="b">ELAR</subfield>
    <subfield code="2">rusmarc</subfield>
  </datafield>
  <datafield tag="852" ind1=" " ind2=" ">
    <subfield code="a">NLR</subfield>
    <subfield code="j">&#x418;&#x441;70 &#x413;-4/30</subfield>
  </datafield>
  <datafield tag="942" ind1=" " ind2=" ">
    <subfield code="c">BOOK</subfield>
  </datafield>
</record>
